00652nam a2200193Ia 4500008004100000020001800041082001500059100002200074245003600096250000800132260004200140300002300182500001900205600002700224650005000251942000700301952013300308999001700441240925s9999 xx 000 0 und d a9788131794760 a005.14 MAT aMathur, Aditya P. 0aFoundations of Software Testing a2nd aNew Delhi:bPearson Educationc,2013. a250p.b0fOriginal aIncludes Index aEngineering Technology aComputer science, information & general works cBK 001040708ETaUITUbUITUd2015-05-20eAcademy Book Agencyg1067.00l0o005.14 MATpQ10317r2024-09-25 07:15:40w2024-09-25yBK c12816d12816